Directeur des écuries de Formule 1 - Statistiques

Statistiques générales
  • Ce quiz a été pris 568 fois
  • Le résultat moyen est 4 sur 7
Statistiques - réponses
Par images Réponse % Correct
Toto Wolff
92%
Christian Horner
91%
Mattia Binotto
88%
Günther Steiner
75%
Cyril Abiteboul
45%
Andreas Seidl
25%
Otmar Szafnauer
23%
Aucun quiz correspondant
Distribution des résultats
% des personnes avec chaque résultat
Percentile par nombre de réponses
Votre historique - résultats
Vous n’avez pas pris ce quiz